| 000 -LEADER |
| fixed length control field |
00583cam a22001457a 4500 |
| 008 - FIXED-LENGTH DATA ELEMENTS--GENERAL INFORMATION |
| fixed length control field |
180718b2004 xxu||||| |||| 00| 0 eng d |
| 082 ## - DEWEY DECIMAL CLASSIFICATION NUMBER |
| Classification number |
APPPA 2003-04 BHA/5 |
| 100 ## - MAIN ENTRY--PERSONAL NAME |
| Personal name |
Bhardwaj, Promila |
| 245 ## - TITLE STATEMENT |
| Title |
Economic reforms and their implications for the small scale sector: a need for creating an enabling environment |
| Statement of responsibility, etc. |
by Promila Bhardwaj |
| 260 ## - PUBLICATION, DISTRIBUTION, ETC. |
| Place of publication, distribution, etc. |
New Delhi |
| Name of publisher, distributor, etc. |
Indian Institute of Public Administration |
| Date of publication, distribution, etc. |
2004 |
| 300 ## - PHYSICAL DESCRIPTION |
| Extent |
163p. |
| 500 ## - GENERAL NOTE |
| General note |
An APPPA M.Phil dissertation, 2003-04 (Guide: Dr. S.K. Bhattacharya) |
| 650 ## - SUBJECT ADDED ENTRY--TOPICAL TERM |
| Topical term or geographic name entry element |
Economic reforms |
| 650 ## - SUBJECT ADDED ENTRY--TOPICAL TERM |
| Topical term or geographic name entry element |
Industries, Small scale |